Projektmenedzsment a gyakorlatban - sikeres és sikertelen projektek elemzése egy multinacionális vállalatnál

Bibliográfiai részletek
Szerző: Hintya Noémi
További közreműködők: Kása Dr. Richárd
Dokumentumtípus: Projektmunka
Kulcsszavak:Projekt
Projekmenedzsment
Projektmunka
Online Access:http://dolgozattar.uni-bge.hu/11062

MARC

LEADER 00000nnm a2200000 i 4500
001 dolg11062
005 20170512112359.0
008 170512suuuu hu o 000 hun d
040 |a BGE Dolgozattár Repozitórium  |b hun 
041 |a hu 
100 1 |a Hintya Noémi 
245 1 0 |a Projektmenedzsment a gyakorlatban - sikeres és sikertelen projektek elemzése egy multinacionális vállalatnál  |c Hintya Noémi  |h [elektronikus dokumentum] 
516 |a Project_work 
695 |a Projekt 
695 |a Projekmenedzsment 
695 |a Projektmunka 
700 1 |a Kása Dr. Richárd  |e ths 
856 4 0 |u http://dolgozattar.uni-bge.hu/11062/1/Hintya%20No%C3%A9mi_Z%C3%A1r%C3%B3dolgozat_online.pdf  |z Dokumentum-elérés 
856 4 0 |u http://dolgozattar.uni-bge.hu/11062/3/Titkos%C3%ADt%C3%A1si%20k%C3%A9relem_Hintya%20No%C3%A9mi.pdf  |z Dokumentum-elérés